[Event "CRO-chT2 West"]
[Site "Croatia"]
[Date "2010.03.28"]
[Round "3.45"]
[White "Podobnik, Marijan"]
[Black "Trtanj, Zoran"]
[Result "1/2-1/2"]
[WhiteElo "2201"]
[BlackElo "2016"]
[PlyCount "61"]
[EventDate "2010.03.27"]
[EventType "team-tourn"]
[EventRounds "9"]
[EventCountry "CRO"]
[SourceTitle "EXT 2012"]
[Source "ChessBase"]
[SourceDate "2011.11.24"]
[SourceVersion "1"]
[SourceVersionDate "2011.11.24"]
[SourceQuality "1"]

1. e4 c6 2. d4 d5 3. exd5 cxd5 4. c4 Nc6 5. cxd5 Qxd5 6. Nf3 e6 7. Nc3 Bb4 8. Be2 Nf6 9. 0-0 Bxc3 10. bxc3 0-0 11. c4 Qa5 12. Bd2 Qc7 13. Qc2 b6 14. Bc3 Qf4 15. Rad1 Rd8 16. Ne5 Bb7 17. g3 Qh6 18. Bf3 Nxe5 19. Bxb7 Neg4 20. h4 Rab8 21. Bf3 Rbc8 22. Qe2 Qg6 23. Kg2 h5 24. Bb2 Qf5 25. Rd2 Qa5 26. Rfd1 Qxa2 27. Rc2 Qa4 28. Ra1 Qd7 29. Ra6 Rc7 30. c5 Rdc8 31. c6 1/2-1/2